[Event "Iberoamerican-ch 9th"]
[Site "Panama City"]
[Date "2023.11.26"]
[Round "3"]
[White "Garcia Cuestas, Kevin"]
[Black "Estrada Nieto, Julian"]
[Result "0-1"]
[WhiteElo "1932"]
[BlackElo "2212"]
[PlyCount "44"]
[EventDate "2023.11.25"]
[EventType "swiss"]
[EventRounds "9"]
[EventCountry "PAN"]
[SourceTitle "CB49_2023"]
[SourceDate "2023.12.06"]
[SourceVersion "1"]
[SourceVersionDate "2023.12.06"]
[SourceQuality "1"]

1. Nf3 d5 2. d4 Nf6 3. e3 e6 4. Bd3 c5 5. b3 Nc6 6. Bb2 Bd6 7. 0-0 0-0 8. Nbd2 b6 9. Ne5 Bb7 10. a3 Rc8 11. f4 Ne7 12. g4 Ne4 13. Bxe4 dxe4 14. Ndc4 Bb8 15. dxc5 Rxc5 16. Qxd8 Rxd8 17. Rad1 Rcd5 18. Bd4 f6 19. Nxb6 axb6 20. Nc4 Bc7 21. Rde1 Ba6 22. Nxb6 Rxd4 0-1

[Event "Olympiad-44"]
[Site "Chennai"]
[Date "2022.08.03"]
[Round "6.2"]
[White "Ashiku, Franc"]
[Black "Garcia Cuestas, Kevin"]
[Result "1-0"]
[WhiteElo "2422"]
[BlackElo "1984"]
[PlyCount "61"]
[EventDate "2022.07.29"]
[EventType "team-swiss"]
[EventRounds "11"]
[EventCountry "IND"]
[SourceTitle "CBM 210"]
[Source "ChessBase"]
[SourceDate "2022.10.31"]
[SourceVersion "1"]
[SourceVersionDate "2022.10.31"]
[SourceQuality "1"]
[WhiteTeam "Albania"]
[BlackTeam "Honduras"]
[WhiteTeamCountry "ALB"]
[BlackTeamCountry "HON"]

1. d4 Nf6 2. c4 e6 3. Nc3 c5 4. d5 exd5 5. cxd5 d6 6. e4 g6 7. h3 Bg7 8. Nf3 0-0 9. Bd3 Re8 10. 0-0 Na6 11. Re1 Nc7 12. a4 b6 13. Bf4 a6 14. Nd2 Nh5 15. Bh2 Be5 16. Bxe5 Rxe5 17. Bf1 Nf4 18. Re3 Rg5 19. Kh1 f5 20. Qf3 Nh5 21. Nc4 f4 22. Ree1 Rb8 23. e5 dxe5 24. Nxe5 Bb7 25. Rad1 Ne8 26. Nc6 Qc7 27. Re7 Qc8 28. Nxb8 Qxb8 29. Ne4 Bxd5 30. Nxg5 Bxf3 31. Bc4+ 1-0

[Event "Olympiad-44"]
[Site "Chennai"]
[Date "2022.08.01"]
[Round "4.2"]
[White "Garcia Cuestas, Kevin"]
[Black "Amba, Oyon Marius Claude"]
[Result "1-0"]
[WhiteElo "1984"]
[BlackElo "1938"]
[PlyCount "137"]
[EventDate "2022.07.29"]
[EventType "team-swiss"]
[EventRounds "11"]
[EventCountry "IND"]
[SourceTitle "CBM 210"]
[Source "ChessBase"]
[SourceDate "2022.10.31"]
[SourceVersion "1"]
[SourceVersionDate "2022.10.31"]
[SourceQuality "1"]
[WhiteTeam "Honduras"]
[BlackTeam "Cameroon"]
[WhiteTeamCountry "HON"]
[BlackTeamCountry "CAM"]

1. Nf3 c5 2. b3 e6 3. Bb2 Nf6 4. c4 Be7 5. g3 Nc6 6. Bg2 d5 7. cxd5 exd5 8. d4 c4 9. 0-0 cxb3 10. Qxb3 Na5 11. Qd3 Nc4 12. Bc1 0-0 13. Nc3 h6 14. Ne5 Be6 15. Rb1 Nd6 16. Rb3 Rc8 17. f3 b6 18. Nb5 Bf5 19. Qe3 Nxb5 20. Rxb5 Bc2 21. Bh3 Rc7 22. Ba3 Bxa3 23. Qxa3 Bh7 24. Rc1 a6 25. Rb3 Rxc1+ 26. Qxc1 b5 27. Rc3 Qb8 28. Rc7 Bg6 29. Qc5 Re8 30. Qa7 Qxa7 31. Rxa7 Rb8 32. Nxg6 fxg6 33. Rxa6 b4 34. Rc6 Kf8 35. Rc2 Rb7 36. Kf2 Ke7 37. Rb2 Ne8 38. Rb3 Nd6 39. Ke3 g5 40. Kd3 Nc4 41. e4 Na5 42. Rb1 Kd6 43. Bf5 b3 44. axb3 Rxb3+ 45. Rxb3 Nxb3 46. Kc3 Na5 47. exd5 Nb7 48. Kc4 Na5+ 49. Kb4 Nb7 50. Be6 Nd8 51. Kc4 Nb7 52. Kb5 Kc7 53. Kc4 Kd6 54. Kd3 Ke7 55. Ke4 Nd6+ 56. Ke5 Nc4+ 57. Kf5 Nd6+ 58. Kg6 Kf8 59. f4 gxf4 60. gxf4 Ne8 61. f5 Ke7 62. h4 Kf8 63. Bd7 Nf6 64. Bc6 Ne4 65. h5 Kg8 66. Bd7 Kf8 67. Be6 Ke7 68. Kxg7 Nd6 69. f6+ 1-0